000 00501cab a2200193 4500
001 X1222
008 090401t1993 xxu||||| |||| 00| 0 eng d
035 _a(Sirsi) u15604
041 _aeng
245 _aOrdnance Survey copyright licence review
260 _c1993
350 _a0
490 _aCSM (Chartered Surveyor Monthly)
_v3(3) November 1993, 11(1)
650 _aCOPYRIGHT LICENCES
650 _aORDNANCE SURVEY
690 _aMAPPING AND MEASUREMENT
942 _n0
948 _c04/03/1997
999 _c10252
_d10252